Geography Quiz

Random Geography or World Quiz

Island Countries Quiz Stats

 Plays Quiz Updated Sep 12, 2019

Score 0/47 Timer 06:00
16 Plays Today
Country % Correct
Cuba
87.7%
New Zealand
87.6%
Japan
85.8%
Madagascar
85.7%
Indonesia
84.5%
United Kingdom
83.5%
Iceland
82.6%
Ireland
82.2%
Jamaica
81.8%
Haiti
81.4%
Cyprus
79.8%
Bahamas
78.3%
Fiji
76.7%
Dominican Republic
76.7%
Sri Lanka
74.7%
Malta
73.7%
Barbados
71.8%
Dominica
71.3%
Trinidad and Tobago
71.1%
Seychelles
70.8%
Philippines
69.5%
Saint Kitts and Nevis
68.5%
Maldives
67.7%
Papua New Guinea
66.5%
Country % Correct
Samoa
65.9%
Saint Lucia
65.7%
Taiwan
65.5%
Marshall Islands
64.3%
Antigua and Barbuda
64%
Saint Vincent and the Grenadines
63.6%
Tonga
63.1%
Federated States of Micronesia
61.9%
Tuvalu
61.9%
Vanuatu
61.8%
Mauritius
61.4%
Solomon Islands
61.3%
Grenada
61.2%
Comoros
61.2%
Nauru
60.2%
Palau
60.1%
Kiribati
58.6%
Brunei
58.2%
São Tomé and Príncipe
57.9%
Cabo Verde
56.6%
Singapore
53%
Timor-Leste
52%
Bahrain
47.6%

You're not logged in!

Compare scores with friends on all Sporcle quizzes.
OR
Log In

Sporcle TV

Today on Sporcle TV


Watch our educational content, quiz creation guides, and fun videos on Sporcle TV.

Show Comments

Extras

Top Quizzes Today


Score Distribution

Your Account Isn't Verified!

In order to create a playlist on Sporcle, you need to verify the email address you used during registration. Go to your Sporcle Settings to finish the process.

Report this User

Report this user for behavior that violates our Community Guidelines.

Details: